00622cam a22002051 450000100060000000300080000600500170001400800410003103500140007203500180008604000340010404100080013808200180014610000320016424500940019626000430029030000190033349000420035265000220039435661BD-RjUL20211209052347.0140529s1958 uk 000 0 eng  a(BD-RjUL) a(OCoLC)875857 aDLCcMWHdUkdOCoLCdDLCbeng aeng a320bDII 19581 aDillon, Conley Hall,d1906-00aIntroduction to political science /cConley H. Dillon, Carl Leiden [and] Paul D. Stewart. aPrinceton, N.J.,bVan Nostrand ,c1958 a298p. ;c24cm.0 aVan Nostrand political science series 0aPolitical science